Women and IPM: crop protection practices and strategies (Record no. 83157)

MARC details
000 -LEADER
fixed length control field 00980nam a2200217 a 4500
008 - FIXED-LENGTH DATA ELEMENTS--GENERAL INFORMATION
fixed length control field 100120s1999 ||||||||||||||||| || u
020 ## - INTERNATIONAL STANDARD BOOK NUMBER
International Standard Book Number 1853394823
050 ## - LIBRARY OF CONGRESS CALL NUMBER
Classification number SB 950.3.T76 Wom
100 ## - MAIN ENTRY--PERSONAL NAME
Personal name Van de Fliert, Elske
245 10 - TITLE STATEMENT
Title Women and IPM: crop protection practices and strategies
Statement of responsibility, etc. edited by Elske van de Fliert and Jet Proost
260 ## - PUBLICATION, DISTRIBUTION, ETC.
Place of publication, distribution, etc. London
Name of publisher, distributor, etc. Royal Tropical Institute
Date of publication, distribution, etc. 1999
300 ## - PHYSICAL DESCRIPTION
Extent 107p.: ill.
350 ## -
-- 0.00
650 ## - SUBJECT ADDED ENTRY--TOPICAL TERM
Topical term or geographic name entry element WOMEN IN DEVELOPMENT--TROPICS
650 ## - SUBJECT ADDED ENTRY--TOPICAL TERM
Topical term or geographic name entry element PESTS--INTEGRATED CONTROL--TROPICS
650 ## - SUBJECT ADDED ENTRY--TOPICAL TERM
Topical term or geographic name entry element WOMEN IN AGRICULTURE--TROPICS
650 ## - SUBJECT ADDED ENTRY--TOPICAL TERM
Topical term or geographic name entry element YAMS
700 ## - ADDED ENTRY--PERSONAL NAME
Personal name Proost, Jet
995 ## -
-- ANNEX COLLECTION (Main Library)
-- 0.00
-- 740715
-- CBU-MAIN LIBRARY (Kitwe)
-- 1
-- 0.00
-- SB 950.3.T76 WOM
-- 1
-- AVAILABLE
-- Feb 22, 2010
-- 740715
-- Annex Low-Usage Collection
995 ## -
-- MAIN LIBRARY OPEN ACCESS
-- 0.00
-- 740716
-- CBU-MAIN LIBRARY (Kitwe)
-- 1
-- 0.00
-- SB 950.3.T76 WOM
-- 2
-- AVAILABLE
-- Feb 22, 2010
-- 740716
-- Main Library Open Access Collection
999 ## -
-- 83157
-- 83157
Holdings
Withdrawn status Lost status Source of classification or shelving scheme Damaged status Not for loan Permanent Location Current Location Shelving location Date acquired Total Checkouts Full call number Barcode Date last seen Copy number Price effective from Koha item type
          CBU-MAIN LIBRARY, KITWE. CBU-MAIN LIBRARY, KITWE.   10/25/2023   SB 950.3.T76 Wom 740715 10/25/2023 1 10/25/2023 MONOGRAPH
          CBU-MAIN LIBRARY, KITWE. CBU-MAIN LIBRARY, KITWE.   10/25/2023   SB 950.3.T76 Wom 740716 10/25/2023 2 10/25/2023 MONOGRAPH